|
|
|
|
| LEADER |
00000cam a2200000 4500 |
| 001 |
vtls012273719 |
| 003 |
SK-MaSNL |
| 005 |
20260301110124.0 |
| 008 |
250320s2024 xo g f 000 0 slo |
| 015 |
|
|
|a SNBA2025/04
|
| 020 |
|
|
|a 9788082311689
|q (brožované)
|
| 040 |
|
|
|a SNK
|b slo
|c SNK
|e rda
|
| 041 |
1 |
|
|a slo
|h fre
|
| 044 |
|
|
|a xo
|c SK
|
| 072 |
|
7 |
|a 27-5
|x Liturgia. Kresťanské umenie a symbolika. Duchovný život
|2 konspekt
|
| 080 |
|
|
|a 27-534.3
|2 2011
|
| 080 |
|
|
|a 27-584
|2 2011
|
| 080 |
|
|
|a (035)
|2 2011
|
| 100 |
1 |
|
|a Philippe, Jacques,
|d 1947-
|4 aut
|9 87258
|
| 240 |
1 |
0 |
|a 9 jours pour retrouver la joie de prier
|l Slovensky
|
| 245 |
1 |
0 |
|a 9 dní za objavenie radosti z modlitby
|c Jacques Philippe ; preklad Maddalena Orešková
|
| 246 |
3 |
|
|a Deväť dní za objavenie radosti z modlitby
|
| 264 |
|
1 |
|a [Bratislava]
|b Christian Project Support, s.r.o.
|c [2024]
|
| 264 |
|
4 |
|a ©2024
|
| 300 |
|
|
|a 59 strán
|c 15 cm
|
| 336 |
|
|
|a text
|b txt
|2 rdacontent
|
| 337 |
|
|
|a bez média
|b n
|2 rdamedia
|
| 338 |
|
|
|a zväzok
|b nc
|2 rdacarrier
|
| 500 |
|
|
|a Miesto vydania podľa NA ISBN
|
| 500 |
|
|
|a Preložené z francúzštiny
|
| 650 |
0 |
7 |
|a kresťanská modlitba
|2 SNKPH
|9 2009
|
| 650 |
0 |
7 |
|a Christian prayer
|2 SNKPHeng
|9 315406
|
| 650 |
0 |
7 |
|a duchovný život
|2 SNKPH
|9 1807
|
| 650 |
0 |
7 |
|a Spiritual life
|2 SNKPHeng
|9 265583
|
| 655 |
|
7 |
|a príručky
|2 SNKPH
|9 74364
|
| 655 |
|
7 |
|a Handbooks, manuals, etc.
|2 SNKPHeng
|9 90964
|
| 700 |
1 |
|
|a Orešková, Maddalena
|4 trl
|9 447595
|
| 787 |
0 |
8 |
|i Zo série
|t 9 dní za-
|
| 852 |
|
|
|a Slovenská národná knižnica
|
| 919 |
|
|
|a 978-80-8231-168-9
|
| 954 |
|
|
|a duchovná literatúra cudzojazyčná (svetová)
|2 lita
|
| 958 |
|
|
|a NT
|
| 958 |
|
|
|a UP
|
| 968 |
|
|
|b FR
|
| 999 |
|
|
|c 702425
|d 704355
|
| 952 |
|
|
|a SNK
|b SNK
|y NEVYP
|7 1
|p 17A1566180
|o snkSE 14374
|i snk2025/5068
|8 0
|0 0
|1 0
|4 0
|d 2025-03-20
|l 0
|r 2026-02-23 21:03:23
|w 2026-02-23
|